000 00319nam a22001337a 4500
008 170919b xxu||||| |||| 00| 0 eng d
020 _a9781573870221
041 _aeng
080 _a7
100 _a44
101 _aART
245 _aKEY GUIDE TO ELECTRONIC RESOURCES: ART AND ART HISTORY
_cRAISH,M
942 _2udc
_cBK
999 _c28321
_d28321